banner koha

Ocorrencia do fungo Beauveria sp. patogenico ao bicudo do algodoeiro (Anthonomus grandis Boheman)na regiao de Campinas, estado de Sao Paulo [Gossypium hirsutum, controle biologico, Brasil] (Registro n. 116061)

MARC details
000 -LÍDER
campo de controle de tamanho fixo 01130nas a2200301 4500
001 - NÚMERO DE CONTROLE
campo de controle BR8500359
003 - IDENTIFICADOR DO NÚMERO DE CONTROLE
campo de controle BR-BrBNA
005 - DATA E HORÁRIO DA ÚLTIMA TRANSAÇÃO
campo de controle 20231205090103.0
007 - CAMPO FIXO DE DESCRIÇÃO FÍSICA--INFORMAÇÃO GERAL
campo de controle de tamanho fixo ta
008 - CAMPO DE DADOS FIXOS--INFORMAÇÃO GERAL
campo de controle de tamanho fixo 230509b bl.|||p| |||| 00| 00por d
040 ## - FONTE DA CATALOGAÇÃO
Instituição da catalogação original BR-BrBNA
Idioma da catalogação por
Instituição que transcreveu o registro Biblioteca Nacional de Agricultura
041 ## - CÓDIGO DE IDIOMA
Código do idioma do texto/trilha sonora ou título diferente (Pt)
072 ## - CÓDIGO DE CATEGORIA DE ASSUNTO
Código de Categoria de Assunto H10
100 1# - ENTRADA PRINCIPAL--NOME PESSOAL
Nome pessoal Camargo, L.M.P.C. de A.
100 1# - ENTRADA PRINCIPAL--NOME PESSOAL
Nome pessoal Batista Filho, A.
100 1# - ENTRADA PRINCIPAL--NOME PESSOAL
Nome pessoal Cruz, B.P.B.
245 1# - TÍTULO
Título Ocorrencia do fungo Beauveria sp. patogenico ao bicudo do algodoeiro (Anthonomus grandis Boheman)na regiao de Campinas, estado de Sao Paulo [Gossypium hirsutum, controle biologico, Brasil]
246 1# - FORMA VARIANTE DO TÍTULO
Título/título abreviado Occurrence of Beauveria sp. pathogenic to the boll weevil (Anthonomus grandis Boheman)in the region of Campinas, state of Sao Paulo [Gossypium hirsutum, biological control, Brazil]
650 ## - ASSUNTO--TERMO TÓPICO
Cabeçalho tópico ou nome geográfico ALGODAO
650 ## - ASSUNTO--TERMO TÓPICO
Cabeçalho tópico ou nome geográfico BICUDO
650 ## - ASSUNTO--TERMO TÓPICO
Cabeçalho tópico ou nome geográfico FUNGO
650 ## - ASSUNTO--TERMO TÓPICO
Cabeçalho tópico ou nome geográfico CONTROLE BIOLOGICO
650 ## - ASSUNTO--TERMO TÓPICO
Cabeçalho tópico ou nome geográfico CAMPINAS
650 ## - ASSUNTO--TERMO TÓPICO
Cabeçalho tópico ou nome geográfico SAO PAULO
773 0# - ENTRADA ANALÍTICA
Título Biologico (Brazil)
ISSN - International Standard Serial Number ISSN 0366-0567
Partes relacionadas (Mar 1984), v. 50(3) p. 65-68
Número de controle do registro BR8500359
909 ## -
-- 202311
-- Lúcia
-- 55
-- Lúcia Elande
942 ## - ELEMENTOS DE ENTRADA ADICIONADOS (KOHA)
Fonte da classificação ou esquema de arquivamento na estante Classificação AGRIS
Ocultar no OPAC Não
Tipo de material Koha Analítica
Exemplares
Situação do descarte Fonte da classificação ou esquema de arquivamento na estante Situação física Não pode ser emprestado Biblioteca de origem Biblioteca atual Localização na estante Enumeração do periódico / cronologia Total de empréstimos Data de último acesso Número do exemplar Tipo de material Koha Fonte de aquisição
  Classificação AGRIS   Consulta local Biblioteca Nacional de Agricultura - Binagri Biblioteca Nacional de Agricultura - Binagri   (Mar 1984), v. 50(3) p. 65-68   29/11/2023 01 Periódicos Portaria Interministerial nº 164/94

BINAGRI

Telefone: (61)3218-2567/2388/3357/2097 - binagri@agro.gov.br

Ministério da Agricultura e Pecuária , Esplanada dos Ministérios, Bloco D, Anexo B, Brasília/DF, CEP: 70.043-900